000 00450nam a2200181Ia 4500
003 OSt
005 20251219142951.0
008 210210b1949 xxu||||| |||| 00| 0 eng d
040 _cAL
041 _akan
082 _a859/2283
100 _aHOYISALA
_9158792
_dಹೊಯ್ಸಳ
245 _aPatakkshi:
_bಪತಾಕ್ಷಿ
260 _aMaisuru
_bKavyalaya
_c1949
690 _aKannada Fiction
_9158794
906 _a022997
942 _2ddc
_cBK
999 _c147830
_d147830